000 01122nam a22002537a 4500
001 38460
003 BD-RjUL
005 20211209052813.0
008 160531s1978 bg ||||| |||| 00| f ben d
020 _c: Tk. 15.50
035 _a(BD-RjUL) 38565
040 _aBD-RjUL
_bben
_cBD-RjUL
041 _aben
082 _223
_a822.33
_bSHA 1978
100 1 _aশেক্সপীয়র, ইউলিয়াম
_9118749
245 1 0 _aঅ্যাণ্টনী ও ক্লিওপেট্রা /
_cইউলিয়াম শেক্সপীয়র ; অনুবাদ আবু শাহরিয়ার
260 _aঢাকা :
_bবাংলা একাডেমী,
_c১৯৭৮
300 _a১৭৬ পৃ. ;
_c২২ সেমি.
504 _aগ্রন্থপঞ্জি সংযুক্ত
600 _aঅ্যাণ্টনী, মার্কাস,
_d৮৩ খৃ.পূ.?-৩০ খৃ.পূ.
_xনাটক
_9118766
600 _aAntonius, Marcus,
_d83 B.C.?-30 B.C.
_xDrama.
_9127558
700 _aশাহরিয়ার, আবু
_9118763
942 _2ddc
_cBK
999 _c38460
_d38460